Sports Quiz

Random Sports Quiz

10,000 Yard Rushers Quiz Stats

Quiz not verified by Sporcle

Challenge
Share
Tweet
Embed
Score 0/24 Timer 05:00
0 Plays Today
Main Team Player % Correct
DALEmmitt Smith
94.3%
DETBarry Sanders
93.4%
CHIWalter Payton
91.5%
PITJerome Bettis
91.2%
SDLaDainian Tomlinson
88.8%
CLEJim Brown
88.8%
STLMarshall Faulk
88.8%
TENEddie George
86.7%
NYGTiki Barber
85.5%
BALJamal Lewis
83.7%
JAXFred Taylor
83.4%
BUFO.J. Simpson
83.4%
Main Team Player % Correct
INDEdgerrin James
83.1%
NYJCurtis Martin
81.9%
PITFranco Harris
79.2%
BUFThurman Thomas
78.5%
LAREric Dickerson
78.2%
OAKMarcus Allen
76.1%
TBWarrick Dunn
71.3%
WASJohn Riggins
69.2%
CINCorey Dillon
67.1%
DALTony Dorsett
64%
SFRicky Watters
45%
STCOttis Anderson
39.3%

You're not logged in!

Compare scores with friends on all Sporcle quizzes.
Sign Up with Email
OR
Log In

You Might Also Like...

Show Comments

Extras

Top Quizzes Today


Score Distribution

Your Account Isn't Verified!

In order to create a playlist on Sporcle, you need to verify the email address you used during registration. Go to your Sporcle Settings to finish the process.

Report this User

Report this user for behavior that violates our Community Guidelines.

Details: